=LDR 00000nam 2200000 4500 =001 INLIS000000000005902 =005 20251029022238 =035 ##$$a 0010-1025000957 =007 ta =008 251029###########################0#ind## =082 ##$$a 323.409 =084 ##$$a 323.409 BAD k =100 #$$a Badan Koordinasi Keluarga Berencana Nasional =245 1#$$a Kumpulan Grafik Dan Tabel Dari Biro Pelapor Ham Dan Penilaian Tahun 77 & 78 /$c Badan Koordinasi Keluarga Berencana Nasional =260 ##$:$b Badan Koordinasi Keluarga Berencana Nasional =300 ##$$a 24 Hal : $b Ilus ; $c 21 =650 #4$$a Keluarga Berencana =856 ##$$a Perpustakaan Kemendukbangga